[Event "HUN-chT U18"]
[Site "Budapest"]
[Date "2015.08.29"]
[Round "6.26"]
[White "Berta, Sandor Martin"]
[Black "Ugroczky, Peter"]
[Result "0-1"]
[WhiteElo "2121"]
[BlackElo "2170"]
[PlyCount "68"]
[EventDate "2015.08.26"]
[EventType "team-swiss"]
[EventRounds "8"]
[EventCountry "HUN"]
[SourceTitle "EXT 2016"]
[Source "ChessBase"]
[SourceDate "2015.10.08"]
[SourceVersion "1"]
[SourceVersionDate "2015.10.08"]
[SourceQuality "1"]

1. Nf3 d5 2. g3 Nf6 3. Bg2 e6 4. 0-0 Be7 5. d3 0-0 6. Nbd2 c5 7. e4 d4 8. a4 Nc6 9. Nc4 b6 10. Ne1 Bb7 11. f4 a6 12. g4 b5 13. Na3 Nd7 14. Nf3 Nb6 15. g5 Nxa4 16. h4 f5 17. Qe2 Qd7 18. Nc4 bxc4 19. Rxa4 cxd3 20. cxd3 Nb4 21. Ra5 fxe4 22. Ne5 Qd6 23. Qh5 Nxd3 24. Nxd3 Qc7 25. Ne5 Qxa5 26. Bh3 Bd5 27. g6 h6 28. f5 Qc7 29. fxe6 Rxf1+ 30. Kxf1 Bg5 31. Nd7 Bc4+ 32. Kg2 Bxc1 33. Bg4 Qf4 34. e7 Qf1+ 0-1